000 01627ngm a22004210a 4500
001 PT39870
003 AR-LpoUNG
005 20210201235843.0
007 vd cvaizq
008 191001s2002||||ag |||||||||||||||||spa d
037 _c$1.12
040 _aAR-LpoUNG
_bspa
_cAR-LpoUNG
_eaacr
041 _aspa
044 _aag
082 0 _a303.484 594pue
100 1 _aAngueira, Myriam
_edir.
245 1 3 _aEl puente :
_bun documental sobre el correntinazo
260 _aBuenos Aires :
_bMiradas al sur,
_c2002.
300 _aDVD (46 min.) : son., col.
505 0 _aHecha en 2002 en Argentina. Producción general: Andrea Gómez. Cámara y fotografía: Leandro Irurzum. Diseño de sonido: Hernán Gerard. Montaje: Myriam Angueira y Nahuel Sherma. Música Original: Ulises Contis. Colaboradores: Leandra Stivanello, Omar Neri y Martin Maldez.
520 _aEl filme relata dos hechos de represión sobre el pueblo argentino (Corrientes, en 1999; Buenos Aires, en 2001, cuando finalmente es derrocado el gobierno de Fernando de La Rúa) para reflexionar sobre la clase media y realizar una mirada sobre el viejo país que se hunde y el nuevo país que emerge, el de la resistencia.
650 4 _aARGENTINA
650 4 _aASPECTOS POLITICOS
650 4 _aASPECTOS SOCIALES
650 4 _aCAMBIO SOCIAL
650 4 _aCLASE MEDIA
650 4 _aCRISIS POLITICA
650 4 _aCRISIS SOCIAL
650 4 _aRECESION ECONOMICA
653 _aCINE ARGENTINO
653 _aDOCUMENTALES
653 _aDVD
653 _aREPRESION
653 _aRESISTENCIA
653 _aVIDEOS
905 _a39870
942 _cDVD
999 _c53604
_d53604